| 000 | 00815nam a2200253Ia 4500 | ||
|---|---|---|---|
| 003 | OSt | ||
| 005 | 20220926044213.0 | ||
| 006 | a|||||r|||| 00| 0 | ||
| 007 | ta | ||
| 008 | 220923b |||||||| |||| 00| 0 eng d | ||
| 037 | _cGeneral Book | ||
| 040 |
_aRTL _cRTL _beng |
||
| 041 |
_2eng _aeng |
||
| 082 | _aX91.2.N6t:g, K8/GD | ||
| 110 |
_aIndia, Government Of .... Planning (Commission), Programme Evaluation Organisation _9333604 |
||
| 245 | 0 | _aReport on evaluation of rural industries projects | |
| 260 | _c1968 | ||
| 300 |
_a282P _ccm. |
||
| 490 | _aIts Publication. 63 | ||
| 650 |
_aIndustries _9148352 |
||
| 700 |
_aIndia, Government Of .... Planning (Commission), Programme Evaluation Organisation _9333605 |
||
| 942 |
_hX91.2.N6t:g, K8/GD _cGB _2CC |
||
| 999 |
_c674242 _d674242 |
||